Normal view
MARC view
- E. Ajith Amerasekera
Entry Personal Name
001 - CONTROL NUMBER
- control field: 127306
003 - CONTROL NUMBER IDENTIFIER
- control field: NUST
005 - DATE AND TIME OF LATEST TRANSACTION
- control field: 20250101094811.0
008 - FIXED-LENGTH DATA ELEMENTS
- fixed length control field: 250101|| aca||aabn | a|a d
040 ## - CATALOGING SOURCE
- Original cataloging agency: NUST
- Transcribing agency: NUST
100 ## - HEADING--PERSONAL NAME
- Personal name: E. Ajith Amerasekera
670 ## - SOURCE DATA FOUND
- Source citation: Work cat.: (NUST): E. Ajith Amerasekera, Failure mechanism in semiconductor devices, 1997.
